000
00360 a2200145 4500
260
_b
Merriam-Webster Inc., Publishers
245
_a
Wesbster's third new internationaldictionary of the english langage unabridged
300
_a
2662p.
260
_a
USA
260
_c
1981
130
_l
En.
100
_a
GOVE, Philip Babcock
999
_c
24614
_d
24614